Loading...
| Current Events | 4 | 22.50 | 100% | 75% | 50% |
| Fine Arts - Auditory | 4 | 20.00 | 100% | 75% | 25% |
| Fine Arts - Other | 5 | 14.00 | 100% | 20% | 20% |
| Fine Arts - Visual | 4 | 10.00 | 75% | 25% | 0% |
| Geography | 9 | 12.22 | 89% | 33% | 0% |
| History - American | 3 | 16.67 | 100% | 67% | 0% |
| History - Ancient | 1 | 20.00 | 100% | 100% | 0% |
| History - Ancient/Other | 3 | 13.33 | 100% | 0% | 33% |
| History - European | 5 | 12.00 | 100% | 20% | 0% |
| History - World | 4 | 17.50 | 100% | 75% | 0% |
| Literature - American | 7 | 14.29 | 100% | 43% | 0% |
| Literature - British | 8 | 12.50 | 100% | 25% | 0% |
| Literature - European | 6 | 11.67 | 100% | 17% | 0% |
| Literature - World | 7 | 15.71 | 86% | 71% | 0% |
| Mythology | 3 | 13.33 | 100% | 33% | 0% |
| Other Academic | 3 | 20.00 | 100% | 67% | 33% |
| Philosophy | 5 | 12.00 | 80% | 40% | 0% |
| Religion | 3 | 10.00 | 67% | 33% | 0% |
| Science - Biology | 3 | 6.67 | 67% | 0% | 0% |
| Science - Chemistry | 7 | 10.00 | 86% | 14% | 0% |
| Science - Other | 6 | 15.00 | 100% | 17% | 33% |
| Science - Physics | 3 | 10.00 | 100% | 0% | 0% |
| Social Science | 2 | 15.00 | 100% | 50% | 0% |